Estatutos
Descripción Física:
66 p. ; 21 cm
MARC
| LEADER | 00000nam a2200000Ia 4500 | ||
|---|---|---|---|
| 001 | 14257 | ||
| 003 | BGR | ||
| 005 | 20260324175258.0 | ||
| 008 | 160829s1985?] xx 000 0 cat d | ||
| 080 | |a B-2-10 | ||
| 110 | 2 | |a Hermandad Nacional de Previsión Social de Arquitectos Superiores (Espanya) |9 71029 | |
| 245 | |a Estatutos | ||
| 260 | |a [Madrid : |b la Hermandad, |c 1985?] | ||
| 300 | |a 66 p. ; |c 21 cm | ||
| 650 | |a Hermandad Nacional de Previsión Social de Arquitectos Superiores |x Estatuts |9 24625 | ||
| 901 | |a Arxiu | ||
| 942 | |n 1 |2 udc |c MEM | ||
| 952 | |0 0 |1 0 |4 0 |6 B210 |7 1 |9 43235 |a Arxiu |b Arxiu |d 2016-12-01 |l 0 |o B-2-10 |p 14257 |r 2016-12-01 00:00:00 |w 2016-12-01 |y ARXIU | ||
| 999 | |c 45779 |d 45779 | ||